Faculty of Law Library — Cairo University

Official Online Catalog

Year Book Of Agricultural Co-operation / (Record no. 57238)

MARC details
000 -LEADER
fixed length control field 02816nam a2200697 i 4500
003 - CONTROL NUMBER IDENTIFIER
control field EG-GICUC
005 - DATE AND TIME OF LATEST TRANSACTION
control field 20260121101730.0
008 - FIXED-LENGTH DATA ELEMENTS--GENERAL INFORMATION
fixed length control field 260115s1939 uk |||||ry||| 00| 0 eng d
040 ## - CATALOGING SOURCE
Original cataloging agency EG-GiCUC
Language of cataloging eng
Transcribing agency EG-GiCUC
Modifying agency EG-GiCUC
Description conventions rda
082 04 - DEWEY DECIMAL CLASSIFICATION NUMBER
Edition number 21
Classification number 334.68
Item number YE
092 04 - LOCALLY ASSIGNED DEWEY CALL NUMBER (OCLC)
Edition number 21
099 ## - LOCAL FREE-TEXT CALL NUMBER (OCLC)
Classification number Law1 13 REF 334.68 YE 1939
110 2# - MAIN ENTRY--CORPORATE NAME
Form subheading The Horace Plunkett Foundation
Relator term editor.
245 10 - TITLE STATEMENT
Title Year Book Of Agricultural Co-operation /
Statement of responsibility, etc. Edited By The Horace Plunkett Foundation, A. H. Macdonald Dr. F. L. Filho Tacilio Tomanili Dr. C. R. Fay Prof. Ashby A. Wolskel H. F. Norman H. A. Izant Dr. H. Wilbrandt H. Viteles Prof. G. Fabila W. H. Jones P. Vimeux Dr. C. Hemmer Dr. R. Hoernigk G. Costanzo Tr. Bjanes G. Davidovic Dr. I. Palasoff Dec J. T. Hull Edelsten Pope O. Parrao Dr. D. Bórea A. S. Rayner E. F. G. Haig J. Mcn. Wingate H. F. Bingham A. Cramois F. B. Wace G. De Soyza R Boyd Dr. E. De Vries M. K. Gerakaris Hon T.H. Bath
264 #1 - PRODUCTION, PUBLICATION, DISTRIBUTION, MANUFACTURE, AND COPYRIGHT NOTICE
Place of production, publication, distribution, manufacture London :
Name of producer, publisher, distributor, manufacturer P. S. King & Son,
Date of production, publication, distribution, manufacture, or copyright notice 1939.
300 ## - PHYSICAL DESCRIPTION
Extent 555 pages :
Dimensions 24 cm
336 ## - CONTENT TYPE
Source rda content
Content type term text
337 ## - MEDIA TYPE
Source rda media
Media type term Computer
338 ## - CARRIER TYPE
Source rda carrier
Carrier type term Online Resource
546 ## - LANGUAGE NOTE
Language note Text in English
650 14 - SUBJECT ADDED ENTRY--TOPICAL TERM
Topical term or geographic name entry element Production Cooperatives According to Industry
700 1# - ADDED ENTRY--PERSONAL NAME
Personal name Hood,Robin
Relator term Contributor
700 1# - ADDED ENTRY--PERSONAL NAME
Personal name Ahern,Z.
Relator term Contributor
700 1# - ADDED ENTRY--PERSONAL NAME
Personal name Macdonald,A. H.
Relator term Contributor
700 1# - ADDED ENTRY--PERSONAL NAME
Personal name Filho,F. L.
Relator term Contributor
700 1# - ADDED ENTRY--PERSONAL NAME
Personal name Tomanili,Tacilio
Relator term Contributor
700 1# - ADDED ENTRY--PERSONAL NAME
Personal name Fay,C. R.
Relator term Contributor
700 1# - ADDED ENTRY--PERSONAL NAME
Personal name Ashby
Relator term Contributor
700 1# - ADDED ENTRY--PERSONAL NAME
Personal name Wolskel,A.
Relator term Contributor
700 1# - ADDED ENTRY--PERSONAL NAME
Personal name Norman,H. F.
Relator term Contributor
700 1# - ADDED ENTRY--PERSONAL NAME
Personal name Izant,H. A.
Relator term Contributor
700 1# - ADDED ENTRY--PERSONAL NAME
Personal name Wilbrandt,H.
Relator term Contributor
700 1# - ADDED ENTRY--PERSONAL NAME
Personal name Viteles,H.
Relator term Contributor
700 1# - ADDED ENTRY--PERSONAL NAME
Personal name Fabila,G.
Relator term Contributor
700 1# - ADDED ENTRY--PERSONAL NAME
Personal name Jones,W. H.
Relator term Contributor
700 1# - ADDED ENTRY--PERSONAL NAME
Personal name Vimeux,P.
Relator term Contributor
700 1# - ADDED ENTRY--PERSONAL NAME
Personal name Hemmer,C.
Relator term Contributor
700 1# - ADDED ENTRY--PERSONAL NAME
Personal name Hoernigk,R.
Relator term Contributor
700 1# - ADDED ENTRY--PERSONAL NAME
Personal name Costanzo,G.
Relator term Contributor
700 1# - ADDED ENTRY--PERSONAL NAME
Personal name Bjanes,Tr.
Relator term Contributor
700 1# - ADDED ENTRY--PERSONAL NAME
Personal name Davidovic,G.
Relator term Contributor
700 1# - ADDED ENTRY--PERSONAL NAME
Personal name Palasoff,I
Relator term Contributor
700 1# - ADDED ENTRY--PERSONAL NAME
Personal name Hull,J. T.
Relator term Contributor
700 1# - ADDED ENTRY--PERSONAL NAME
Personal name Pope,R. Edelsten
Relator term Contributor
700 1# - ADDED ENTRY--PERSONAL NAME
Personal name Parrao,O.
Relator term Contributor
700 1# - ADDED ENTRY--PERSONAL NAME
Personal name Bórea,D.
Relator term Contributor
700 1# - ADDED ENTRY--PERSONAL NAME
Personal name Rayner,A. S.
Relator term Contributor
700 1# - ADDED ENTRY--PERSONAL NAME
Personal name Haig,E. F. G.
Relator term Contributor
700 1# - ADDED ENTRY--PERSONAL NAME
Personal name Wingate,J. Mcn.
Relator term Contributor
700 1# - ADDED ENTRY--PERSONAL NAME
Personal name Bingham,H. F.
Relator term Contributor
700 1# - ADDED ENTRY--PERSONAL NAME
Personal name Cramois,A.
Relator term Contributor
700 1# - ADDED ENTRY--PERSONAL NAME
Personal name Wace,F. B.
Relator term Contributor
700 1# - ADDED ENTRY--PERSONAL NAME
Personal name Soyza,G. De.
Relator term Contributor
700 1# - ADDED ENTRY--PERSONAL NAME
Personal name Boyd,R.
Relator term Contributor
700 1# - ADDED ENTRY--PERSONAL NAME
Personal name Vries,E. De
Relator term Contributor
700 1# - ADDED ENTRY--PERSONAL NAME
Personal name Gerakaris,M. K.
Relator term Contributor
700 1# - ADDED ENTRY--PERSONAL NAME
Personal name Βath,Hon Τ. Η.
Relator term Contributor
856 40 - ELECTRONIC LOCATION AND ACCESS
Uniform Resource Identifier <a href="https://fll.law.cu.edu.eg/fulltext/bks/B13-09252.pdf">https://fll.law.cu.edu.eg/fulltext/bks/B13-09252.pdf</a>
905 ## - Cataloger and Reviser Names
Cataloger Name: Farah
942 ## - ADDED ENTRY ELEMENTS (KOHA)
Source of classification or shelving scheme Dewey Decimal Classification
Koha item type Reference
Edition 21
Suppress in OPAC No
Holdings
Withdrawn status Lost status Source of classification or shelving scheme Damaged status Not for loan Collection Home library Current library Date acquired Total checkouts Full call number Barcode Date last seen Copy number Price effective from Koha item type
    Dewey Decimal Classification   Not for loan المالية العامة والتشريع الضريبي جــــامعة القــاهرة مكتبة كلية الحقوق - المبنى الرئيسي 15.01.2026   Law1 13 REF 334.68 YE 1939 1309252 C1 B13-09252 15.01.2026 1 15.01.2026 Reference

© All rights reserved — Faculty of Law, Cairo University